Historia del derecho y de las instituciones / (Record no. 193102)

MARC details
000 -LEADER
campo de control de longitud fija 01829nam a2200457 i 4500
001 - NÚMERO DE CONTROL
campo de control 193102
003 - IDENTIFICADOR DE NÚMERO DE CONTROL
campo de control SpMaBN
005 - FECHA Y HORA DE LA ÚLTIMA TRANSACCIÓN
campo de control 20250809015523.0
007 - CAMPO FIJO DE DESCRIPCIÓN FÍSICA--INFORMACIÓN GENERAL
campo de control de longitud fija ta
008 - DATOS DE LONGITUD FIJA--INFORMACIÓN GENERAL
campo de control de longitud fija 230728m1991 sp | 000 0 spa
016 7# - NÚMERO DE CONTROL DE UNA AGENCIA BIBLIOGRÁFICA NACIONAL
Número de control del registro bimoBNE19920267948
Fuente SpMaBN
017 ## - NÚMERO DE COPYRIGHT O DE DEPÓSITO LEGAL
Número de copyright o de depósito legal M 40476-1991
Agencia que asigna Oficina Depósito Legal Madrid
017 ## - NÚMERO DE COPYRIGHT O DE DEPÓSITO LEGAL
Número de copyright o de depósito legal M 35020-1991
Agencia que asigna Oficina Depósito Legal Madrid
017 ## - NÚMERO DE COPYRIGHT O DE DEPÓSITO LEGAL
Número de copyright o de depósito legal M 39941-1991
Agencia que asigna Oficina Depósito Legal Madrid
020 ## - NÚMERO INTERNACIONAL ESTÁNDAR DEL LIBRO
Número Internacional Estándar del Libro 8488030096 (v.1)
020 ## - NÚMERO INTERNACIONAL ESTÁNDAR DEL LIBRO
Número Internacional Estándar del Libro 8488030126 (vol. 2)
020 ## - NÚMERO INTERNACIONAL ESTÁNDAR DEL LIBRO
Número Internacional Estándar del Libro 8488030118 (v.3)
035 ## - NÚMERO DE CONTROL DEL SISTEMA
Número de control de sistema (OCoLC)644684555
035 ## - NÚMERO DE CONTROL DEL SISTEMA
Número de control de sistema bimo0000134421
040 ## - FUENTE DE CATALOGACIÓN
Centro catalogador/agencia de origen SpMaBN
Lengua de catalogación spa
Centro/agencia transcriptor SpMaBN
Normas de descripción rdc
Centro/agencia modificador Es-MaACL
080 ## - NÚMERO DE LA CLASIFICACIÓN DECIMAL UNIVERSAL
Número de la Clasificación Decimal Universal 34(460)(091)(075.8)
100 1# - ENTRADA PRINCIPAL--NOMBRE DE PERSONA
Nombre de persona Montanos Ferrín, Emma
Número de control del registro de autoridad o número normalizado XX927332
9 (RLIN) 233956
245 10 - MENCIÓN DEL TÍTULO
Título Historia del derecho y de las instituciones /
Mención de responsabilidad, etc. Emma Montanos Ferrín, José Sánchez-Arcilla
260 ## - PUBLICACIÓN, DISTRIBUCIÓN, ETC.
Lugar de publicación, distribución, etc. Madrid :
Nombre del editor, distribuidor, etc. Dykinson,
Fecha de publicación, distribución, etc. 1991
300 ## - DESCRIPCIÓN FÍSICA
Extensión 3 v. ;
Dimensiones 22 cm
336 ## - TIPO DE CONTENIDO
Fuente rdacontent
Término de tipo de contenido Texto
337 ## - TIPO DE MEDIO
Fuente rdamedia
Nombre/término del tipo de medio sin mediación
338 ## - TIPO DE SOPORTE
Fuente rdacarrier
Nombre/término del tipo de soporte volumen
500 ## - NOTA GENERAL
Nota general Índices
650 #4 - PUNTO DE ACCESO ADICIONAL DE MATERIA--TÉRMINO DE MATERIA
Término de materia o nombre geográfico como elemento de entrada Derecho-
Subdivisión geográfica España-
Subdivisión de forma Historia
9 (RLIN) 11614
700 0# - ENTRADA AGREGADA--NOMBRE PERSONAL
Nombre de persona Sánchez-Arcilla, José,
Fechas asociadas al nombre 1952-
9 (RLIN) 102467
852 ## - LOCALIZACIÓN
Ubicación ES-MaACL
Sublocalización o colección R.154524
Ubicación en estantería Depósito J
Número de control de estantería N-9133
Donativo/Legado Donación: Rafael Tortosa
Designación de la unidad física V. I
Encuadernación Rústica con solapas
itemnumber 200410
852 ## - LOCALIZACIÓN
Ubicación ES-MaACL
Sublocalización o colección R. 154524
Ubicación en estantería Depósito J
Número de control de estantería N-9134
Donativo/Legado Donación: Rafael Tortosa
Designación de la unidad física V. II
Encuadernación Rústica con solapas
itemnumber 200411
852 ## - LOCALIZACIÓN
Ubicación ES-MaACL
Sublocalización o colección R. 154524
Ubicación en estantería Depósito J
Número de control de estantería N-9135
Donativo/Legado Donación: Rafael Tortosa
Designación de la unidad física V. III
Encuadernación Rústica con solapas
itemnumber 200412
903 ## - NOMBRE PERSONAL DE DONANTE
a Tortosa Mondéjar, Rafael
e Donante
9 111087
942 ## - ELEMENTOS DE ENTRADA SECUNDARIOS (KOHA)
Suprimir en OPAC No
Tipo de ítem Koha Libro impreso
Holdings
Estatus retirado Estado de pérdida Fuente del sistema de clasificación o colocación Estado de daño No para préstamo Biblioteca de origen Biblioteca actual Ubicación en estantería Fecha de adquisición Fuente de adquisición Enumeración/cronología de publicación seriada Total de préstamos Signatura topográfica completa Código de barras Visto por última vez Precio de reemplazo Tipo de ítem Koha
    Clasificación decimal universal     Biblioteca del Ateneo de Madrid Biblioteca del Ateneo de Madrid Depósito J 27/06/2023 Donación t.1   N-9133 101205703 28/07/2023 28/07/2023 Libro impreso
    Clasificación decimal universal     Biblioteca del Ateneo de Madrid Biblioteca del Ateneo de Madrid Depósito J 27/06/2023 Donación t.2   N-9134 101205704 28/07/2023 28/07/2023 Libro impreso
    Clasificación decimal universal     Biblioteca del Ateneo de Madrid Biblioteca del Ateneo de Madrid Depósito J 23/06/2023 Donación t.3   N-9135 101205705 28/07/2023 28/07/2023 Libro impreso